Ekonomist ježemesjačnyj naučno-praktičeskij žurnal Ministerstva ekonomiki Rossijskoj federacii
Guardado en:
| Formato: | Seriadas |
|---|---|
| Lenguaje: | ruso |
| Publicado: |
Moskva
Ministerstvo ekonomiki RF
|
| Materias: | |
| Etiquetas: |
Sin Etiquetas, Sea el primero en etiquetar este registro!
|
MARC
| LEADER | 00000nas1a2200000 4500 | ||
|---|---|---|---|
| 001 | s125122 | ||
| 005 | 20171214143054.4 | ||
| 022 | |a 0869-4672 | ||
| 041 | 0 | |a rus | |
| 044 | |a RU | ||
| 245 | 1 | 0 | |a Ekonomist |b ježemesjačnyj naučno-praktičeskij žurnal Ministerstva ekonomiki Rossijskoj federacii |
| 264 | 1 | |a Moskva |b Ministerstvo ekonomiki RF | |
| 500 | |a Do čísla 6/91 pod názvom: Planovoje chozjajstvo | ||
| 610 | 2 | 0 | |a rozvoj hospodársky |
| 610 | 2 | 0 | |a politika hospodárska |
| 610 | 2 | 0 | |a plánovanie hospodárske |